000 01048nam a2200289 i 4500
003 DO-SdBNP
005 20240405100904.0
007 ta
008 240405b2022 dr ||||| |||| 00| 0 spa d
020 _a9789945933802
040 _aDO-SdBNP
_bspa
_cBNPHU
_erda
082 4 _222
100 _aLluveres, Katherine,
_eautora
_985141
245 1 0 _aCuando el dolor sana :
_batravesando el valle de la muerte con esperanza /
_cKatherine Luveres ; corrector David Moreno ; prólogo José Dunker L.
264 _aSanto Domingo
_bPublicaciones Libertad,
_c2022.
300 _a134 páginas ;
_c22 cm.
336 _2rdaontent
_atexto
_btxt
337 _2rdamedia
_asin mediación
_bn
338 _2rdacarrier
_avolumen
_bnc
500 _aIncluye datos biográficos de la autora en la contracubierta
500 _aLa biblioteca posee 2 ejemplares autográfiados por la autora
590 _aInventariado, 2024/BT
700 1 _aoreno, David,
_ecorrección
_985142
700 1 _aDunker L., José,
_eprólogo
_981438
910 _aBtavárez
942 _2ddc
_cLBS1
999 _c56263
_d56263